Statistics for Chuck Real Names

Click here to take the quiz!

General Stats

  • This quiz has been taken 19 times
  • The average score is 5 of 7

Answer Stats

Code Name Real Name % Correct
Charles CarmichaelChuck Bartowski
100%
OrionStephen Bartowski
94%
Michael CarmichaelMorgan Grimes
75%
John CaseyAlex Coburn
75%
Sarah WalkerJenny Burton
63%
FrostMary Bartowski
50%
Alexei VolkoffHartley Winterbottom
31%

Score Distribution

Percentile by Number Answered

Percent of People with Each Score

Your Score History

You have not taken this quiz